Les éléments dans différents univers - Statistiques

Statistiques générales
  • Ce quiz a été pris 10 fois
  • Le résultat moyen est 37 sur 62
Statistiques - réponses
Univers Eléments % Correct
Avatar: le dernier maître de l'air Feu (2)
100%
Bakugan Aquos (3)
89%
Naruto Eau (1)
89%
Digimon Eau (10)
89%
Avatar: le dernier maître de l'air Eau (2)
89%
Bouddhisme (Godai) Eau (4)
89%
Médecine chinoise/Wuxing Eau (5)
89%
Le Cinquième Elément Eau (6)
89%
Hindouisme Eau (7)
89%
Kingdom Hearts Eau (9)
89%
Naruto Feu (1)
89%
Digimon Feu (10)
89%
Bouddhisme (Godai) Feu (4)
89%
Médecine chinoise/Wuxing Feu (5)
89%
Le Cinquième Elément Feu (6)
89%
Hindouisme Feu (7)
89%
Ninjago Feu (8)
89%
Kingdom Hearts Feu (9)
89%
Bakugan Pyrus (3)
89%
Bakugan Subterra (3)
89%
Avatar: le dernier maître de l'air Terre (2)
89%
Bouddhisme (Godai) Terre (4)
89%
Médecine chinoise/Wuxing Terre (5)
89%
Le Cinquième Elément Terre (6)
89%
Hindouisme Terre (7)
89%
Naruto Vent (1)
89%
Avatar: le dernier maître de l'air Air (2)
78%
Bouddhisme (Godai) Air (4)
78%
Le Cinquième Elément Air (6)
78%
Hindouisme Air (7)
78%
Naruto Terre (1)
78%
Digimon Terre (10)
78%
Ninjago Terre (8)
78%
Kingdom Hearts Terre (9)
78%
Naruto Foudre (1)
67%
Ninjago Foudre (8)
67%
Digimon Vent (10)
67%
Kingdom Hearts Vent (9)
67%
Bakugan Ventus (3)
67%
Médecine chinoise/Wuxing Bois (5)
56%
Digimon Bois (10)
44%
Ninjago Glace (8)
44%
Digimon Glace (10)
33%
Kingdom Hearts Glace (9)
33%
Bakugan Haos (3)
33%
Digimon Lumière (10)
33%
Kingdom Hearts Lumière (9)
33%
Médecine chinoise/Wuxing Métal (5)
33%
Le Cinquième Elément Amour (6)
22%
Bakugan Darkus (3)
22%
Digimon Ténèbres (10)
22%
Digimon Acier (10)
11%
Bouddhisme (Godai) Vide (4)
11%
Kingdom Hearts Espace (9)
0%
Hindouisme Ether (7)
0%
Kingdom Hearts Fleurs (9)
0%
Kingdom Hearts Illusion (9)
0%
Kingdom Hearts Lune (9)
0%
Kingdom Hearts Néant (9)
0%
Kingdom Hearts Temps (9)
0%
Digimon Tonnerre (10)
0%
Kingdom Hearts Tonnerre (9)
0%
Aucun quiz correspondant
Distribution des résultats
% des personnes avec chaque résultat
Percentile par nombre de réponses
Votre historique - résultats
Vous n’avez pas pris ce quiz